| 000 | 01246na a2200337 4500 | ||
|---|---|---|---|
| 001 | 15157 | ||
| 003 | MIRAKIL | ||
| 005 | 20181213155242.0 | ||
| 008 | 160920b tu 000 0 | ||
| 020 | _a9754550751 | ||
| 022 | _a13012908 | ||
| 035 | _a15157 | ||
| 040 |
_aMilas _btur _cTR-AnCHP |
||
| 041 |
_atur _aeng |
||
| 082 |
_a331.8021 2001 _bÇ73ç 2002 |
||
| 090 | _a331.8021 2001 Ç73ç 2002 | ||
| 110 | _aÇalışma ve Sosyal Güvenlik Bakanlığı (ÇSGB) | ||
| 245 |
_aÇalışma hayatı istatistikleri 2001 _b= Labour statistics _cÇalışma ve Sosyal Güvenlik Bakanlığı |
||
| 246 | _aLabour statistics | ||
| 260 |
_aAnkara _bÇalışma ve Sosyal Güvenlik Bakanlığı _c2002 |
||
| 300 |
_a214 s. _btbl. , grf. _c24 sm. |
||
| 490 |
_aÇalışma Genel Müdürlüğü _v27 |
||
| 490 |
_aÇalışma ve Sosyal Güvenlik Bakanlığı _v108 |
||
| 546 | _aMetinler Türkçe-İngilizce karşılıklıdır. | ||
| 650 |
_aÇalışma ekonomisi _vİstatistikler _ySüreli yayınlar _zTürkiye |
||
| 650 |
_aÜcretler _yİstatistikler _zTürkiye |
||
| 650 |
_aSendikalar _yİstatistikler _zTürkiye |
||
| 650 |
_aSınai ilişkiler _yİstatistikler _zTürkiye |
||
| 651 |
_aTürkiye _xEkonomik durum _yİstatistikler |
||
| 942 |
_2ddc _cBKS |
||
| 999 |
_c9286 _d9286 |
||